Minimizing wavelength contention & improving packet level performance of time sliced optical burst switching (TS-OBS) network (Record no. 11330)

000 -LEADER
fixed length control field 00589 a2200133 4500
082 ## - DEWEY DECIMAL CLASSIFICATION NUMBER
Classification number MS-IT-9
100 ## - MAIN ENTRY--PERSONAL NAME
Personal name Farhan Sabir Ujager
9 (RLIN) 100201
245 ## - TITLE STATEMENT
Title Minimizing wavelength contention & improving packet level performance of time sliced optical burst switching (TS-OBS) network
Statement of responsibility, etc. Farhan Sabir Ujager
260 ## - PUBLICATION, DISTRIBUTION, ETC.
Place of publication, distribution, etc. Islamabad
Name of publisher, distributor, etc. NUST-SEECS
Date of publication, distribution, etc. 2012
300 ## - PHYSICAL DESCRIPTION
Extent 58p.
Other physical details ;ill.
Dimensions ;27cm.+
Accompanying material CD ROM
500 ## - GENERAL NOTE
General note Supervisors: Dr. S. M. H. Zaidi, Mr. Muhammad Ramzan, Dr. Usman Younas, Dr. Tauseef Tauqeer
856 ## - ELECTRONIC LOCATION AND ACCESS
Uniform Resource Identifier <a href="http://10.250.8.41:8080/xmlui/handle/123456789/10084">http://10.250.8.41:8080/xmlui/handle/123456789/10084</a>
942 ## - ADDED ENTRY ELEMENTS (KOHA)
Koha item type Project Report
Call number prefix MS-IT-9 FAR
Source of classification or shelving scheme
Holdings
Withdrawn status Lost status Damaged status Not for loan Permanent Location Current Location Total Checkouts Full call number Barcode Date last seen Price effective from Koha item type Source of classification or shelving scheme Shelving location Date acquired
        Central Library (CL) Central Library (CL)   MS-IT-9 FAR SEECSP01212 11/14/2012 11/14/2012 Project Report      
        Central Library (CL) Central Library (CL)   004 CL-T-3691 10/07/2019 10/07/2019 Thesis   Thesis 10/07/2019
© 2023 Central Library, National University of Sciences and Technology. All Rights Reserved.